00789nam a22002537a 4500999001700000003000900017005001700026008004100043020001800084040001000102082001400112100002400126245004000150260003500190300001200225650001400237650003000251650001800281650001700299650002400316856006400340942001200404952011900416 c66957d66954PK-NaQUE20251127104216.0251127b ||||| |||| 00| 0 eng d a9783030194154 cQUEST a630.2 GUT aGutinerrez, Tomy J. aPolymers for Agri-Food Applications aSwitzerland:bSpringer,c2019. a620p. ; aPolymers  aAgricultural innovations  aFood science  aAgriculture  aChemistry, Organic  uhttp://10.10.170.122:8080/browse/book/22150yDownload eBook cBK2ddc 00102ddc4070aREFbREFcREFd2021-06-14l0o630.2 GUT (Shelf - 81A)p58606r2021-06-14 00:00:00w2021-06-14yBK